MARC

LEADER 00000nam0a2200000 4500
001 287126
005 20231101235946.0
020 |a RU  |b 85-50719 
035 |a (RuTPU)RU\TPU\book\311501 
090 |a 287126 
100 |a 20150312d1985 km y0rusy5003 ca 
101 0 |a rus 
102 |a BY 
105 |a ac z 001zy 
200 1 |a В суровом сорок первом  |f Я. С. Павлов 
210 |a Минск  |c Беларусь  |d 1985 
215 |a 272 с.  |c ил., 10 л. ил. 
320 |a Библиогр.: с. 259-271 
606 1 |a Великая Отечественная война 1941-1945  |x Первый период  |z июнь 1941- ноябрь 1942  |2 stltpush  |3 (RuTPU)RU\TPU\subj\66716  |9 82767 
610 1 |a КПСС 
610 1 |a история 
610 1 |a Белорусская ССР 
610 1 |a военные операции 
610 1 |a фашистская агрессия 
610 1 |a партизанское движение 
610 1 |a тылоополченцы 
686 |a Т3(2)622,11  |2 rubbk 
700 1 |a Павлов  |b Я. С.  |g Яков Савельевич  |4 070 
801 0 |a RU  |b RuMRKP  |c 19950704  |g psbo 
801 1 |a RU  |b 63413507  |c 20150312 
801 2 |a RU  |b 63413507  |c 20171228  |g RCR 
942 |c BK